01058 2200325 4500001002100000005001500021035002000036007000300056008004100059020003800100020003300138082001600171084001800187100003300205245010700238300004700345650004000392700003000432504003300462264003000495336002100525337003000546338002300576040002200599090002200621850001200643999002200655440003300677990002200710INLIS00000000087970520230704110202 a0010-0723000076ta230704 2023 a g ind  a978-623-01-3040-3 (jilid lengkap) a978-623-01-3385-5 (jilid 18)04223a646.407 a646.407 ELY d0 aEly Tri WulandariePengarang10aDasar-dasar busana (Fesyen) SMK/MAK kelas X semester 2 /cEly Tri Wulandari; penyunting, Brigitta Tyas axvi, 201 halaman :bgambar, tabel ;c24 cm 4aTata Busana--xstudi dan pengajaran0 aBrigitta TyasePenyunting aBibliografi: halaman 195-19831aYogyakarta :bAndi,c2023 2rdacontentateks 2rdamediaatanpa perantara 2rdacarrieravolume aYOPDYOGbindcrda aCB-D.11 2023-1107 aYOPDYOG aCB-D.11/2023-1107 aKurikulum merdeka edisi 2022 aCB-D.11/2023-1107